[Event "POR-chT 1st Divison 2018"]
[Site "Maia"]
[Date "2018.07.19"]
[Round "5"]
[White "Larino Nieto, David"]
[Black "Cuenca Jimenez, Jose Fernando"]
[Result "1/2-1/2"]
[WhiteElo "2423"]
[BlackElo "2513"]
[Annotator "TA"]
[PlyCount "33"]
[EventDate "2018.07.16"]
[EventType "team-tourn"]
[EventCountry "POR"]
[SourceTitle "playchess.com"]
[Source "ChessBase"]
[SourceQuality "1"]

{[%evp 16,18,3,0,7]} 1. e4 e5 2. Nf3 Nc6 3. Bb5 Nf6 4. O-O Nxe4 5. d4 Nd6 6. dxe5 Nxb5 7. a4 Nbd4 8. Nxd4 Nxd4 9. Qxd4 {LiveBook: 337 Games} d5 $1 {C67: Ruy Lopez: Berlin Defence: 4 0-0 Nxe4} {Predecessor:} 10. Qd3 $146 c6 11. a5 Qd7 12. f4 Qf5 13. Qc3 Bd7 14. Qb3 Bc5+ 15. Be3 Bxe3+ 16. Qxe3 Qxc2 17. Qa3 {0-1 (41) Grischuk,A (2766)-Nakamura,H (2769) Leuven 2018} 1/2-1/2

[Event "POR-chT 1st Divison 2018"]
[Site "Maia"]
[Date "2018.07.19"]
[Round "5"]
[White "Pereira, Ruben"]
[Black "Korneev, Oleg"]
[Result "1/2-1/2"]
[WhiteElo "2420"]
[BlackElo "2506"]
[Annotator "TA"]
[PlyCount "47"]
[EventDate "2018.07.16"]
[EventType "team-tourn"]
[EventCountry "POR"]
[SourceTitle "playchess.com"]
[Source "ChessBase"]
[SourceQuality "1"]

{[%evp 11,47,-7,32,12,13,17,22,24,19,2,1,-22,-19,-32,-16,-42,-39,-45,-28,-27,-30,-53,-39,-40,0,-45,-45,-118,-50,-86,-62,-63,0,-80,0,-76,0,-77]} 1. e4 e5 2. Nf3 Nc6 3. Bb5 Nf6 4. d3 Bc5 5. O-O Nd4 6. Ba4 {C65: Ruy Lopez: Berlin Defence (3...Nf6), unusual lines and 4 0-0 Bc5} (6. Nxd4 Bxd4 7. Ba4 O-O 8. Nd2 d5 9. exd5 Qxd5 10. Bb3 Qc6 11. Qf3 Bd7 12. h3 Rae8 13. Re1 b5 14. Qxc6 Bxc6 {½-½ (78) Caruana,F (2816)-Karjakin,S (2782) Paris 2018}) 6... Qe7 {LiveBook: 3 Games} 7. c3 Nxf3+ 8. Qxf3 O-O 9. Bg5 h6 10. Be3 $146 ({Predecessor:} 10. Bxf6 Qxf6 11. Qxf6 gxf6 12. Nd2 d6 13. b4 {1-0 (61) Khan,S (2082)-Varonen,M (2073) ICCF email 2015}) 10... Bxe3 11. fxe3 d6 12. Bb3 a5 {[%cal Ba7a5,Ba5a4][%mdl 32]} 13. Nd2 a4 14. Bc2 Be6 15. Qg3 b5 16. d4 Nh5 17. Qf3 Nf6 18. Bd3 Rab8 19. Qg3 {[#]} (19. a3 $15) 19... c5 (19... Bc4 $1 $17 {[%cal Rc4d3][%mdl 512]} 20. Bxc4 (20. Nxc4 bxc4) 20... bxc4) 20. Nf3 Nh5 21. Qf2 Nf6 22. Qg3 $1 Nh5 23. Qf2 $1 Nf6 24. Qg3 $1 {Precision: White = 47%, Black = 36%.} 1/2-1/2

[Event "POR-chT 1st Divison 2018"]
[Site "Maia"]
[Date "2018.07.19"]
[Round "5"]
[White "Zelbel, Patrick"]
[Black "Vavulin, Maksim"]
[Result "1-0"]
[WhiteElo "2418"]
[BlackElo "2552"]
[Annotator "TA"]
[PlyCount "117"]
[EventDate "2018.07.16"]
[EventType "team-tourn"]
[EventCountry "POR"]
[SourceTitle "playchess.com"]
[Source "ChessBase"]
[SourceQuality "1"]

{[%evp 22,117,45,51,43,47,51,48,32,48,120,121,121,117,117,114,118,115,109,111,107,105,121,136,147,147,149,138,139,153,168,170,159,164,173,168,175,178,180,166,248,232,276,241,318,306,298,304,293,279,375,370,369,364,327,349,374,369,385,386,386,367,371,361,379,367,408,400,531,493,517,510,519,512,514,513,727,718,685,535,535,531,493,517,508,515,587,581,647,647,710,707,703,695,684,680,844,820]} 1. e4 g6 2. d4 Bg7 3. Nc3 a6 4. f4 b5 5. Nf3 {[%cal Bg1f3,Bf3d4,Bd4c6][%mdl 32]} d6 6. Bd3 Nd7 7. e5 c5 {B06: Modern Defence} 8. Be4 Rb8 9. O-O (9. Be3 b4 10. Ne2 Nh6 11. dxc5 Nxc5 12. Bxc5 dxc5 13. Bc6+ Bd7 14. Qd5 Rc8 15. Bxd7+ Qxd7 16. Qxd7+ Kxd7 {1-0 (41) Yu,Y (2760)-Adhiban,B (2655) chess.com INT 2018}) 9... cxd4 10. Nxd4 dxe5 11. Nc6 Qb6+ 12. Kh1 {LiveBook: 28 Games} Ngf6 13. Nxb8 Qxb8 14. fxe5 Nxe4 15. Nxe4 Qxe5 (15... Nxe5 $14 16. Bf4 O-O) 16. Re1 $146 O-O {[#]} 17. Bg5 $1 Qxb2 18. Bxe7 {Strongly threatening Rb1.} Qxa1 19. Qxa1 Bxa1 20. Bxf8 Kxf8 21. Rxa1 {[%mdl 4096] Endgame KRN-KBN} Bb7 22. Re1 Bd5 23. a3 h6 24. Kg1 Be6 25. Kf2 Ke7 26. Ke3 f5 27. Nd2 Kd6 28. Kd4 Nb8 {[#]} 29. c4 $1 Nc6+ 30. Kc3 Bd7 (30... g5 {might work better.} 31. g4 fxg4 32. Ne4+ Kc7 33. cxb5 axb5 34. Nxg5 Bd7) 31. Rd1 $18 Be6 32. Nb3+ Ke5 33. Re1+ Kf6 34. Nc5 Bxc4 35. Nxa6 Ne5 36. Nc7 Nd3 37. Rb1 Nc5 38. Nxb5 Bd3 39. Rb4 Bf1 40. g3 Ke5 41. Nd4 Ne4+ 42. Kc2 Bg2 43. Kd3 Bf1+ 44. Ke3 Nf6 45. Nf3+ {White is clearly winning.} Kd5 46. Rb6 Ng4+ 47. Kf4 Bg2 48. Ne1 Be4 {[%csl Gh6][%cal Rg6g5]} 49. Rxg6 Nxh2 50. Rxh6 Ng4 51. Rb6 Kc5 52. Rg6 Nf2 53. Rg8 Kd4 {[%cal Rf2h3]} 54. Nf3+ Kc3 55. Rc8+ Kb2 56. a4 {[%cal Ba3a4,Ba4a5][%mdl 32]} Nd3+ 57. Ke3 Nb4 58. Nd2 Bc2 59. a5 {Precision: White = 98%, Black = 47%.} 1-0

[Event "POR-chT 1st Divison 2018"]
[Site "Maia"]
[Date "2018.07.19"]
[Round "5"]
[White "Fernandes, Antonio"]
[Black "Vassallo Barroche, Mauricio"]
[Result "1/2-1/2"]
[WhiteElo "2403"]
[BlackElo "2386"]
[Annotator "TA"]
[PlyCount "45"]
[EventDate "2018.07.16"]
[EventType "team-tourn"]
[EventCountry "POR"]
[SourceTitle "playchess.com"]
[Source "ChessBase"]
[SourceQuality "1"]

{[%evp 17,45,0,14,6,16,0,15,-4,4,-25,0,-54,22,0,42,44,50,47,56,33,37,10,16,8,10,0,0,0,0,0]} 1. e4 e5 2. Nf3 d6 3. d4 exd4 4. Nxd4 Nf6 5. Nc3 Be7 6. Bc4 O-O 7. Bb3 Na6 8. O-O Nc5 9. Re1 c6 {LiveBook: 5 Games} 10. Bf4 {C41: Philidor Defence} a5 (10... Re8 11. Qd2 Bf8 12. f3 h6 13. Bc4 Bd7 14. a4 a5 15. b3 Qc7 16. Rad1 Rad8 17. Kh1 Bc8 {0-1 (85) Ivanchuk,V (2769)-Mamedyarov,S (2726) Astana 2012}) 11. Qd2 Re8 $146 (11... a4 $5 12. Bc4 $8 Ne6 $11) ({Predecessor:} 11... Nh5 12. Be3 Qc7 13. a4 Nxb3 14. cxb3 Re8 15. Rac1 Qd8 16. Rcd1 Bf8 17. f3 Nf6 {1-0 (40) Haefner,K (2039)-Ripp,D Germany 2009}) 12. Rad1 Qb6 13. f3 Nfd7 14. Be3 (14. Na4 $11 Nxa4 15. Bxa4) 14... Ne5 (14... a4 $15 15. Bc4 Ne5) 15. a4 $11 Bf8 16. Qf2 Nxb3 17. Nxb3 Qa6 18. Nd4 Qc4 19. Nde2 f5 {The position is equal.} 20. h3 Qf7 21. b3 fxe4 22. fxe4 Qxf2+ 23. Bxf2 {Precision: White = 34%, Black = 36%.} 1/2-1/2

[Event "POR-chT 1st Divison 2018"]
[Site "Maia"]
[Date "2018.07.19"]
[Round "5"]
[White "Sousa, Andre Ventura"]
[Black "Alshameary Puente, Ismael"]
[Result "1-0"]
[WhiteElo "2373"]
[BlackElo "2352"]
[Annotator "TA"]
[PlyCount "89"]
[EventDate "2018.07.16"]
[EventType "team-tourn"]
[EventCountry "POR"]
[SourceTitle "playchess.com"]
[Source "ChessBase"]
[SourceQuality "1"]

{[%evp 25,89,35,24,-9,-19,-18,-18,-22,-31,-22,-30,-29,-13,-9,-27,-30,-19,-26,-39,-17,0,0,0,-14,22,-4,0,0,12,0,0,0,0,-82,-43,-47,-57,-58,-45,-39,-43,-64,-25,-30,0,-147,16,-98,-78,-183,-164,-990,-975,-1060,-1059,-997,-991,-864,1070,1068,29990,29991,29992,29992,29993,29994]} 1. e4 e5 2. Nf3 Nc6 3. Bb5 a6 4. Ba4 Nf6 5. O-O Be7 6. Re1 b5 7. Bb3 d6 8. c3 O-O 9. d4 Bg4 10. Be3 Bh5 11. Nbd2 exd4 {C91: Spanische Partie (Abweichungen von der Hauptvariante)} 12. cxd4 Nb4 13. Nf1 (13. d5 Nd3 14. Rf1 Ng4 15. Bd4 Nge5 16. Bc2 Bf6 17. Kh1 Nf4 18. Bxe5 Bxe5 19. g3 {0-1 (58) Ivanchuk,V (2713)-Alekseenko,K (2609) Batumi 2018}) 13... c5 {LiveBook: 3 Partien. Weiß steht etwas besser.} ({Falsch wäre} 13... Nxe4 $2 14. a3 $18) 14. Ng3 (14. a3 $5 {[%cal Ra3b4]} Nc6 15. Ng3 $14) 14... c4 15. Nxh5 Nxh5 16. Bc2 Nxc2 17. Qxc2 d5 $146 ({Vorgänger:} 17... Nf6 18. Bg5 Nd7 19. Bf4 {0-1 (37) Petrushin,A (2492)-Moskalenko,A (2371) Voronezh 2007}) 18. e5 g6 19. Bh6 $36 {[%mdl 2048] Weiss steht aktiver.} Ng7 20. h3 Re8 21. Bxg7 Kxg7 22. Nh2 Qb6 23. Rad1 b4 24. Ng4 Rac8 25. Ne3 Red8 26. f4 c3 27. f5 {Droht stark f6+.} Bg5 28. f6+ Kh8 29. Ng4 (29. Rd3 $11 {hält das Gleichgewicht.}) 29... Re8 30. Rd3 Rc4 31. b3 Rc6 32. Rf1 Qa7 33. Kh1 Qd7 34. Nh2 a5 35. h4 (35. a4 $1 $11) 35... Bd2 $2 ({Günstiger ist} 35... Bxh4 $17 {...Lg5 ist eine echte Drohung.} 36. Qc1 c2) 36. Nf3 (36. Rxd2 $11 {bleibt in der Remisbreite.} cxd2 37. Qxd2) 36... Bh6 37. a4 {[#]} (37. Nh2 $17 {kämpft weiter.}) 37... Qg4 $1 $19 38. e6 $2 (38. Rf2) 38... Rcxe6 {Und weiter mit ...Te2 wäre nett.} 39. Ne5 Rxe5 40. dxe5 Rxe5 {Droht ...Te2 und aus.} 41. Qf2 {[#]} Rf5 $4 {[%mdl 8192] [#]} (41... c2 $1 $19 {[%mdl 512]} 42. Qg3 (42. Qxc2 Re2) 42... Qe4) 42. Re1 $1 $18 {[%mdl 512] Droht Matt per Te8+.} Bf8 {[#]} 43. Re8 $1 {[%cal Re8f8][%mdl 512] Weiß setzt Matt.} Rxf6 44. Qxf6+ Kg8 45. Rde3 {Precision: Weiß = 48%, Schwarz = 51%.} 1-0

[Event "POR-chT 1st Divison 2018"]
[Site "Maia"]
[Date "2018.07.19"]
[Round "5"]
[White "Lombaers, Peter"]
[Black "Neves, Pedro"]
[Result "1-0"]
[WhiteElo "2361"]
[BlackElo "2236"]
[Annotator "TA"]
[PlyCount "95"]
[EventDate "2018.07.16"]
[EventType "team-tourn"]
[EventCountry "POR"]
[SourceTitle "playchess.com"]
[Source "ChessBase"]
[SourceQuality "1"]

{[%evp 12,95,20,34,41,34,26,31,56,64,72,64,56,32,32,17,36,31,29,20,18,12,28,31,204,203,236,234,235,246,228,240,242,234,220,220,310,288,288,304,361,310,289,247,329,331,585,580,567,569,521,500,550,402,691,680,873,866,940,931,917,917,1175,1153,1120,1086,5043,1210,1197,1191,1106,1083,1076,1049,1179,1152,4141,4141,5639,1163,984,871,4141,4137,4133,877]} 1. c4 Nf6 2. g3 e5 3. Bg2 Bc5 4. Nc3 a6 5. e3 Nc6 6. Nge2 {A25: English Opening vs King's Indian with ...Nc6 but without early d3} d6 (6... Ba7 7. b3 d6 8. Bb2 O-O 9. O-O Bf5 10. Nd5 Nxd5 11. cxd5 Nb4 12. d4 exd4 13. Bxd4 c5 {1-0 (32) Romanov,E (2617)-Ter Sahakyan,S (2563) chess.com INT 2018}) 7. O-O {LiveBook: 42 Games} h5 8. d4 {White is slightly better.} Ba7 9. b4 h4 10. b5 axb5 11. cxb5 Na5 $146 ({Predecessor:} 11... Ne7 12. dxe5 Ng4 13. exd6 cxd6 14. Nf4 hxg3 15. hxg3 {1-0 (34) Dreyer,M (2234)-Reipsch,J (2302) Germany 2010}) 12. dxe5 dxe5 13. Qxd8+ Kxd8 14. Rd1+ Ke8 15. Ba3 hxg3 16. hxg3 Nc4 17. Bb4 Nxe3 $2 {[#]} (17... Bb6 $14) 18. fxe3 $40 {[%mdl 128] White attacks with force.} Bxe3+ 19. Kf1 Bh3 20. Nd5 Nxd5 21. Rxd5 f6 22. Bxh3 Rxh3 23. Kg2 Rh7 (23... Rh5 {was called for.} 24. a4 Rf5) 24. a4 c6 25. Rd3 Ba7 26. bxc6 bxc6 27. Rc1 Rb8 28. Ba3 Rb7 $2 {[#]} (28... e4 29. Rd6 Rb3) 29. Rxc6 Kf7 30. a5 {[%cal Ba4a5,Ba5a6][%mdl 32]} Kg6 31. a6 Rb1 32. Nc1 e4 (32... Rh8 $142 33. Rd7 Ra8) 33. Rb3 {White is clearly winning.} Ra1 34. Rc7 Bb6 35. Rb7 Bd4 36. a7 Bxa7 37. Rxa7 Rh8 38. Ne2 Rhh1 39. Bc5 Rxa7 40. Bxa7 Ra1 41. Be3 Ra2 42. Kf2 Kh5 43. Rb4 f5 44. Rb7 g5 45. Rb5 Kg4 46. Re5 Rb2 47. Re8 f4 48. gxf4 {Precision: White = 83%, Black = 29%.} 1-0

[Event "POR-chT 1st Divison 2018"]
[Site "Maia"]
[Date "2018.07.19"]
[Round "5"]
[White "Silva, Luis Neves Da"]
[Black "Ferreira, Jorge Viterbo"]
[Result "0-1"]
[WhiteElo "2360"]
[BlackElo "2522"]
[Annotator "TA"]
[PlyCount "78"]
[EventDate "2018.07.16"]
[EventType "team-tourn"]
[EventCountry "POR"]
[SourceTitle "playchess.com"]
[Source "ChessBase"]
[SourceQuality "1"]

{[%evp 25,78,-1,-4,-13,-2,0,-5,-3,-1,-104,-94,-97,-86,-92,-92,-136,-125,-146,-118,-118,-130,-129,-34,-29,-41,-104,-101,-121,-122,-286,-288,-499,-418,-780,-704,-1025,-999,-1099,-1080,-6370,-6370,-6179,-5461,-5418,-5418,-5094,-5002,-2916,-2593,-5414,-5414,-29984,-29983,-6717,-3597]} 1. Nf3 d5 2. g3 Nf6 3. Bg2 e6 4. O-O Be7 5. c4 O-O 6. d4 c6 7. Nbd2 b6 8. Qc2 Bb7 9. e4 Na6 10. b3 {E06: Katalanisch} (10. a3 c5 11. exd5 exd5 12. dxc5 Nxc5 13. b4 Ne6 14. cxd5 Bxd5 15. Bb2 Rc8 16. Qf5 g6 17. Qe5 Qc7 {½-½ (37) Gupta,A (2610)-Lenic,L (2662) chess.com INT 2018}) 10... Nb4 11. Qb1 dxe4 12. Nxe4 c5 13. Nxf6+ Bxf6 {LiveBook: 4 Partien} 14. Ng5 Bxg5 15. Bxb7 {[#] zielt auf Lxg5 ab.} Rb8 {[%cal Ba8b8,Bb8b7,Bb7d7][%mdl 32]} 16. Bxg5 Qxg5 17. a3 $146 (17. Be4 $11) ({Vorgänger:} 17. Be4) 17... Rxb7 $17 18. axb4 cxd4 19. Qe4 Rd7 20. f4 Qe7 21. f5 Re8 22. fxe6 fxe6 {[%cal Bf7e6,Be6e5][%mdl 32]} 23. b5 d3 (23... e5 $17 {Droht stark ...d3.} 24. Rad1 Qd6) 24. Rad1 $1 $15 Red8 25. Rf3 ({Besser ist} 25. Rfe1 $15) 25... d2 $36 {[%mdl 2048] Läuft bei Schwarz.} 26. Qe3 h6 27. Qc3 $2 {[#]} (27. Qe2 $17 {kämpft weiter.}) 27... e5 $19 28. Rf2 $2 (28. Re3 e4 29. c5) 28... Rd3 29. Qb2 (29. Qc2 $142 Qc5 30. Kg2) 29... Qc5 30. Kg2 Qe3 31. b4 Qe4+ 32. Kg1 Qe1+ 33. Rf1 Qe2 34. Qc2 e4 35. Rf2 Qe1+ 36. Rf1 Qe3+ 37. Rf2 Rc3 38. Qa4 Rc1 39. Kg2 Qe1 {Precision: Weiß = 32%, Schwarz = 82%.} 0-1

[Event "POR-chT 1st Divison 2018"]
[Site "Maia"]
[Date "2018.07.19"]
[Round "5"]
[White "Marchena Hurtado, Javier"]
[Black "Cavaleiro, Daniel Felipe Costa"]
[Result "1-0"]
[WhiteElo "2354"]
[BlackElo "1987"]
[Annotator "TA"]
[PlyCount "63"]
[EventDate "2018.07.16"]
[EventType "team-tourn"]
[EventCountry "POR"]
[SourceTitle "playchess.com"]
[Source "ChessBase"]
[SourceQuality "1"]

{[%evp 18,63,41,22,183,170,187,181,193,191,180,184,310,310,300,300,309,331,386,304,336,330,419,418,420,422,408,421,572,562,545,525,727,712,653,320,342,303,588,588,555,573,595,602,719,703,826,625]} 1. e4 g6 2. d4 d6 3. Nc3 Nf6 4. f4 Bg7 5. Nf3 c5 6. dxc5 Qa5 7. Bd3 Qxc5 8. Qe2 O-O 9. Be3 Qc7 10. O-O {LiveBook: 21 Partien} a6 $2 {[#] B09: Pirc-Ufimzew-Verteidigung (Dreibauernangriff)} (10... Nbd7 $11) 11. e5 $18 dxe5 12. fxe5 Ng4 {Weiß steht deutlich besser.} (12... Nfd7 13. Nd5 Qd8 14. e6 fxe6 15. Nf4 Nf6 16. Ng5 Nd5 17. Nfxe6 Bxe6 18. Nxe6 Rxf1+ 19. Rxf1 {1-0 (24) Manik,M (2408)-Halak,M (2191) Banska Stiavnica 2015}) 13. Nd5 Qd8 14. Nb6 Bh6 $146 (14... Nxe3 {kämpft weiter.} 15. Qxe3 Bg4 16. Nxa8 Nd7) ({Vorgänger:} 14... Nd7 15. Nxa8 b6 16. Be4 Ngxe5 17. Rad1 f5 18. Bd5+ Kh8 19. Ng5 Rf6 20. Ne6 {1-0 (20) De Blasio,A-Trebeschi,A Italy 1998}) 15. Bd4 ({Und nicht} 15. Nxa8 Nxe3 16. Rfe1 Bg4 $15) 15... Nc6 16. Bc5 Rb8 17. h3 Ncxe5 18. hxg4 Nxg4 19. Rae1 Be6 20. b4 Qc7 21. Bc4 Bxc4 22. Qxc4 Qg3 23. Re4 Nf6 24. Rxe7 Bf4 25. Bf2 Qg4 26. Ne5 (26. Bd4 $142) 26... Bxe5 27. Rxe5 {[#] Droht stark Ld4.} Rbd8 $2 (27... Qxc4 {war angesagt.} 28. Nxc4 Ng4) 28. Bc5 {Weiß steht klar auf Gewinn.} Qxc4 29. Nxc4 Nd7 30. Re7 Nxc5 31. bxc5 f5 32. Rfe1 {Precision: Weiß = 90%, Schwarz = 30%.} 1-0

[Event "POR-chT 1st Divison 2018"]
[Site "Maia"]
[Date "2018.07.19"]
[Round "5"]
[White "Padeiro, Jose"]
[Black "Guerreiro, Nuno"]
[Result "0-1"]
[WhiteElo "2284"]
[BlackElo "2050"]
[Annotator "RC"]
[PlyCount "68"]
[EventDate "2018.07.16"]
[EventType "team-tourn"]
[EventCountry "POR"]
[SourceTitle "playchess.com"]
[Source "ChessBase"]
[SourceQuality "1"]
[TimeControl "5400+30"]

1. e4 {[%emt 0:00:00]} c5 {[%emt 0:03:02]} 2. Nc3 {[%emt 0:00:00]} g6 {[%emt 0:00:21]} 3. d4 {[%emt 0:00:06]} cxd4 {[%emt 0:01:07]} 4. Qxd4 {[%emt 0:00:06]} Nf6 {[%emt 0:00:15]} 5. Bb5 {[%emt 0:00:13]} Nc6 {[%emt 0:05:50]} 6. Bxc6 {[%emt 0:00:22]} bxc6 {[%emt 0:00:21]} 7. e5 {[%emt 0:05:19]} Nh5 {[%emt 0:00:44]} 8. Nf3 {[%emt 0:02:44]} Ng7 {[%emt 0:01:34]} 9. O-O {[%emt 0:03:33]} Ne6 {[%emt 0:01:15]} 10. Qh4 {[%emt 0:01:41]} h6 {[%emt 0:01:41]} 11. Ne4 {[%emt 0:16:34]} Bg7 {[%emt 0:01:27]} 12. Re1 {[%emt 0:06:43]} Rb8 {[%emt 0:07:18]} 13. b3 {[%emt 0:03:51]} d5 {[%emt 0:04:53]} 14. exd6 {[%emt 0:05:12]} exd6 {[%emt 0:08:05]} 15. Qg3 {[%emt 0:05:01]} O-O {[%emt 0:07:01]} 16. Ba3 {[%emt 0:07:55]} c5 {[%emt 0:03:38]} 17. Nxd6 {[%emt 0:06:56]} Bxa1 {[%emt 0:07:11]} 18. Rxa1 {[%emt 0:00:30]} Rb6 {[%emt 0:02:24]} 19. Nc4 {[%emt 0:02:35]} Ra6 {[%emt 0:02:17]} 20. Re1 {[%emt 0:09:17]} Nd4 {[%emt 0:02:26]} 21. Bxc5 {[%emt 0:05:54]} Re6 {[%emt 0:02:18]} 22. Rxe6 {[%emt 0:02:00]} Nxe6 {[%emt 0:00:52]} 23. Bd6 {[%emt 0:00:25]} Ba6 {[%emt 0:02:20]} 24. h4 {[%emt 0:01:01]} Re8 {[%emt 0:02:09]} 25. Ne3 {[%emt 0:02:45]} Ng7 {[%emt 0:04:52]} 26. Be5 {[%emt 0:02:53]} Nh5 {[%emt 0:01:40]} 27. Qh2 {[%emt 0:05:09]} Bb7 {[%emt 0:07:52]} 28. Bc7 {[%emt 0:03:04]} Qf6 {[%emt 0:01:53]} 29. Qd6 {[%emt 0:01:01]} Qa1+ {[%emt 0:02:11]} 30. Kh2 {[%emt 0:00:06]} Bxf3 {[%emt 0:01:31]} 31. gxf3 {[%emt 0:00:01]} Qe1 {[%emt 0:02:51]} 32. Ng4 {[%emt 0:01:17]} Kh7 {[%emt 0:03:13]} 33. Qd5 {[%emt 0:01:10]} Qe7 {[%emt 0:01:09]} 34. Bg3 {[%emt 0:00:09]} f5 {[%emt 0:01:21]} 0-1

[Event "POR-chT 1st Divison 2018"]
[Site "Maia"]
[Date "2018.07.19"]
[Round "5"]
[White "Ribeiro, Fernando"]
[Black "Carneiro, Carlos"]
[Result "0-1"]
[WhiteElo "2165"]
[BlackElo "2094"]
[Annotator "NA RC"]
[PlyCount "32"]
[EventDate "2018.07.16"]
[EventType "team-tourn"]
[EventCountry "POR"]
[SourceTitle "playchess.com"]
[Source "ChessBase"]
[SourceQuality "1"]
[TimeControl "5400+30"]

1. e4 {[%emt 0:03:41]} c5 {[%emt 0:00:00]} 2. Nf3 {[%emt 0:00:13]} g6 {[%emt 0:00:00]} 3. d4 {[%emt 0:04:10]} cxd4 {[%emt 0:00:00]} 4. Qxd4 {[%emt 0:00:29]} Nf6 {[%emt 0:00:00]} 5. Qa4 {[%emt 0:04:47]} Nc6 {[%emt 0:02:34]} 6. Nc3 {[%emt 0:00:48]} Bg7 {[%emt 0:12:47]} 7. e5 {[%emt 0:01:29]} Ng8 {[%emt 0:03:25]} 8. Bf4 {[%emt 0:00:40]} f6 {[%emt 0:05:39]} 9. exf6 {[%emt 0:02:41]} Nxf6 {[%emt 0:00:55]} 10. O-O-O {[%emt 0:00:40]} O-O {[%emt 0:08:33]} 11. Bc4+ {[%emt 0:00:52]} Kh8 {[%emt 0:00:06]} 12. Ng5 $11 {[%emt 0:00:40]} (12. Rhe1 $16) 12... Ng4 {[%emt 0:17:08]} 13. Bg3 {[%emt 0:23:55]} Bh6 {[%emt 0:26:16]} 14. f4 {[%emt 0:09:34]} e5 {[%emt 0:03:56]} 15. Bh4 {[%emt 0:08:48]} Rxf4 {[%emt 0:01:08]} 16. Nf7+ {[%emt 0:00:25]} Rxf7+ {[%emt 0:00:11]} 0-1

[Event "POR-chT 1st Divison 2018"]
[Site "Maia"]
[Date "2018.07.19"]
[Round "5"]
[White "Galvao, Henrique"]
[Black "Santos Latasa, Jaime"]
[Result "0-1"]
[WhiteElo "2161"]
[BlackElo "2576"]
[Annotator "TA"]
[PlyCount "52"]
[EventDate "2018.07.16"]
[EventType "team-tourn"]
[EventCountry "POR"]
[SourceTitle "playchess.com"]
[Source "ChessBase"]
[SourceQuality "1"]

{[%evp 9,52,-64,-45,-60,-61,-58,-27,-83,-73,-71,-77,-113,-68,-114,-106,-172,-173,-158,-166,-148,-164,-167,-182,-163,-141,-199,-208,-677,-695,-1098,-1107,-1693,-1668,-1663,-1645,-29980,-5814,-29988,-29989,-29989,-29990,-29990,-29991,-29992,-29993]} 1. e4 e6 2. d4 d5 3. c4 dxe4 4. Nc3 Nf6 5. Be3 (5. c5 Nc6 6. Bb5 Bd7 7. Bg5 Be7 8. Nge2 a6 9. Ba4 Nb4 10. O-O Nbd5 11. Bc2 Bc6 12. Ng3 Nxc3 13. bxc3 {½-½ (41) Jedryczka,K (2201)-Sieciechowicz,M (2410) Zgierz 2018}) 5... Be7 6. Qc2 {C01: French: Exchange Variation} O-O 7. O-O-O {[#]} c5 $146 {[%mdl 512]} ({Predecessor:} 7... Nbd7 8. Kb1 b6 9. Nxe4 Bb7 10. Nxf6+ Nxf6 11. Nf3 Qc8 12. Bd3 {0-1 (33) Wells,L-Sharpe,S (1927) ICCF email 2010}) 8. d5 (8. Nge2 $1 $11) (8. dxc5 Qa5) 8... exd5 $17 9. cxd5 {aiming for d6.} Bd6 10. h3 Na6 {[%cal Bb8a6,Ba6b4,Bb4d3][%mdl 32]} 11. a3 Bd7 12. g4 {[#]} (12. Kb1 $17 {was called for.}) 12... Nb4 $1 $19 {[%cal Rb4c2][%mdl 512]} 13. Qd2 {[#] White wants to play g5.} ({Of course not} 13. axb4 cxb4 14. g5 bxc3 $11) 13... Nd3+ $1 {[%mdl 512]} 14. Bxd3 exd3 15. Qxd3 {[#]} b5 $1 {[%mdl 512]} 16. g5 (16. Nxb5 c4) 16... Nh5 17. Nxb5 {[#]} (17. Nf3 $17) 17... c4 $1 {[%cal Bc5c4,Bc4c3][%mdl 544]} 18. Qe2 $2 (18. Qxc4 Rc8 19. Nxd6 Rxc4+ 20. Nxc4) 18... Bxb5 19. Qxh5 {[#]} c3 $1 {[%mdl 512]} 20. Ne2 (20. bxc3 Bxa3+) 20... cxb2+ 21. Kb1 Qa5 22. Bd4 Qxa3 {( -> ...Bd3+)} 23. Bxb2 Bd3+ {Black mates.} 24. Rxd3 Qxd3+ 25. Ka1 Rab8 26. Nc3 {[#]} Ba3 $1 {[%mdl 512] Precision: White = 25%, Black = 93%.} 0-1